[Event "FRA-ch U12"]
[Site "Aix les Bains"]
[Date "2006.??.??"]
[Round "5"]
[White "Rasamoely, Thimothy Frederic"]
[Black "Luciani, Thibault"]
[Result "0-1"]
[WhiteElo "1730"]
[BlackElo "1850"]
[PlyCount "130"]
[EventDate "2006.04.16"]
[EventType "swiss"]
[EventRounds "9"]
[EventCountry "FRA"]
[SourceTitle "EXT 2007"]
[Source "ChessBase"]
[SourceDate "2006.11.23"]
[SourceVersion "1"]
[SourceVersionDate "2006.11.23"]
[SourceQuality "1"]

1. e4 c5 2. Nf3 e6 3. d4 cxd4 4. Nxd4 Nf6 5. Nc3 Bb4 6. e5 Nd5 7. Bd2 Nxc3 8. bxc3 Be7 9. Be2 0-0 10. Bd3 f5 11. Qf3 Nc6 12. Nxc6 dxc6 13. g4 Qd5 14. Qxd5 exd5 15. g5 f4 16. h4 Bf5 17. 0-0-0 Rae8 18. Rde1 Bc5 19. f3 a6 20. Re2 Be6 21. h5 Ba3+ 22. Kb1 c5 23. h6 g6 24. Ree1 c4 25. Be2 Bd7 26. Bd1 Re6 27. Rh4 Rb6+ 28. Ka1 Bb2+ 29. Kb1 Bxc3+ 30. Kc1 Bb2+ 31. Kb1 Bxe5+ 32. Kc1 Bb2+ 33. Kb1 Bf6+ 34. Kc1 Bxg5 35. Rh2 Bf6 36. c3 g5 37. Rg1 Bf5 38. Bc2 Bxc2 39. Kxc2 Kh8 40. Re2 a5 41. Bc1 Rd8 42. Rge1 Kg8 43. Ba3 Kf7 44. Bc5 Rc6 45. Be7 Re8 46. Bxf6 Rxe2+ 47. Rxe2 Rxf6 48. Re5 Rxh6 49. Rxd5 Rh2+ 50. Kb1 h5 51. Rxg5 Rh1+ 52. Kb2 Kf6 53. Rxa5 h4 54. Rh5 h3 55. Ka3 h2 56. Rh4 Kg5 57. Rh7 b5 58. Rh8 b4+ 59. cxb4 c3 60. Kb3 Rb1+ 61. Kxc3 h1Q 62. Rxh1 Rxh1 63. Kd4 Ra1 64. b5 Rxa2 65. Kc5 Rb2 0-1

[Event "FRA-chT3 Gr12 0304"]
[Site "Loire"]
[Date "2004.04.04"]
[Round "7.8"]
[White "Richard, Sylvain"]
[Black "Rasamoely, Thimothy Frederic"]
[Result "0-1"]
[WhiteElo "1499"]
[BlackElo "1430"]
[PlyCount "70"]
[EventDate "2003.10.12"]
[EventType "team-tourn"]
[EventRounds "9"]
[EventCountry "FRA"]
[SourceTitle "EXT 2008"]
[Source "ChessBase"]
[SourceDate "2007.11.25"]
[SourceVersion "1"]
[SourceVersionDate "2007.11.25"]
[SourceQuality "1"]

1. d4 Nf6 2. e3 e6 3. Nf3 d6 4. Nbd2 Nbd7 5. c4 c5 6. b3 Be7 7. Bd3 b6 8. Qc2 Bb7 9. Bb2 cxd4 10. exd4 Rc8 11. Rc1 a6 12. Qb1 d5 13. 0-0 g6 14. a3 Rg8 15. b4 dxc4 16. Rxc4 Rxc4 17. Bxc4 h5 18. Qa2 Nd5 19. Re1 h4 20. Bc1 Qa8 21. Qc2 N7f6 22. Bd3 Nf4 23. Ne4 N6h5 24. Bxf4 Nxf4 25. Ned2 g5 26. Be4 f5 27. Bxb7 Qxb7 28. Rc1 Ne2+ 29. Kh1 Nxc1 30. Qxc1 g4 31. Ne5 h3 32. Qc6+ Qxc6 33. Nxc6 Kd7 34. Nxe7 Kxe7 35. Nc4 Rc8 0-1